书目信息 |
| 题名: |
当代世界经济与政治
|
|
| 作者: | 林甦 , 李景治 主编 | |
| 分册: | ||
| 出版信息: | 北京 中国人民大学出版社 2010 |
|
| 页数: | 270页 | |
| 开本: | 23cm | |
| 丛书名: | ||
| 单 册: | ||
| 中图分类: | D5 , F11 | |
| 科图分类: | ||
| 主题词: | 世界经济--高等教育--教材 , 国际政治--高等教育--教材 | |
| 电子资源: | ||
| ISBN: | 978-7-300-12355-4 | |
| 000 | 00945nam0 2200277 450 | |
| 001 | 1358887949 | |
| 005 | 20130520162148.78 | |
| 010 | @a978-7-300-12355-4@dCNY22.00 | |
| 100 | @a20100819d2010 em y0chiy0110 ea | |
| 101 | 0 | @achi |
| 102 | @aCN@b110000 | |
| 105 | @aa z 000yy | |
| 200 | 1 | @a当代世界经济与政治@9dang dai shi jie jing ji yu zheng zhi@f李景治,林甦主编 |
| 205 | @a4版 | |
| 210 | @a北京@c中国人民大学出版社@d2010 | |
| 215 | @a270页@c图@d23cm | |
| 300 | @a普通高等教育“十一五”国家级规划教材 高校思想政治理论课重点教材 | |
| 330 | @a本书共八章,包括了:战后世界政治格局的演变、当今世界政治面临的主要问题、第三世界的崛起及其在国际舞台上的作用、社会主义国家的经济与政治等内容。 | |
| 606 | 0 | @a世界经济@x高等教育@j教材 |
| 606 | 0 | @a国际政治@x高等教育@j教材 |
| 690 | @aD5@v4 | |
| 690 | @aF11@v4 | |
| 701 | 0 | @a林甦@9lin su@4主编 |
| 701 | 0 | @a李景治@9li jing zhi@4主编 |
| 801 | 0 | @aCN@bSG11@c20100819 |
| 905 | @aZUCC@dF11@eL518 | |
| 当代世界经济与政治/李景治,林甦主编.-4版.-北京:中国人民大学出版社,2010 |
| 270页:图;23cm |
| 普通高等教育“十一五”国家级规划教材 高校思想政治理论课重点教材 |
| ISBN 978-7-300-12355-4:CNY22.00 |
| 本书共八章,包括了:战后世界政治格局的演变、当今世界政治面临的主要问题、第三世界的崛起及其在国际舞台上的作用、社会主义国家的经济与政治等内容。 |
| ● |
| 相关链接 |
|
|
|
正题名:当代世界经济与政治
索取号:F11/L518
 
预约/预借
| 序号 | 登录号 | 条形码 | 馆藏地/架位号 | 状态 | 备注 |
| 1 | 490605 | 204906058 | 社科库409/409社科库 66排3列2层/ [索取号:F11/L518] | 在馆 | |
| 2 | 490606 | 204906067 | 社科库409/422社科库 38排3列3层/ [索取号:F11/L518] | 在馆 | |
| 3 | 490607 | 204906076 | 社科库409/422社科库 38排4列5层/ [索取号:F11/L518] | 在馆 | |
| 4 | 490608 | 204906085 | 社科库409/422社科库 38排4列2层/ [索取号:F11/L518] | 在馆 | |
| 5 | 490609 | 204906094 | 社科库409/409社科库 66排3列2层/ [索取号:F11/L518] | 在馆 |